|
|
|
|
| LEADER |
01567nam a2200409 a 4500 |
| 001 |
EBC922452 |
| 003 |
MiAaPQ |
| 005 |
20200520144314.0 |
| 006 |
m o d | |
| 007 |
cr cn||||||||| |
| 008 |
120322s2012 enk sb 001 0deng d |
| 010 |
|
|
|z 2012012005
|
| 020 |
|
|
|z 9781409440215 (hardback : alk. paper)
|
| 020 |
|
|
|a 9781409440222 (electronic bk.)
|
| 035 |
|
|
|a (MiAaPQ)EBC922452
|
| 035 |
|
|
|a (Au-PeEL)EBL922452
|
| 035 |
|
|
|a (CaPaEBR)ebr10561927
|
| 035 |
|
|
|a (CaONFJC)MIL366620
|
| 035 |
|
|
|a (OCoLC)797844571
|
| 040 |
|
|
|a MiAaPQ
|c MiAaPQ
|d MiAaPQ
|
| 043 |
|
|
|a e-rm---
|
| 050 |
|
4 |
|a G155.R78
|b L55 2012
|
| 082 |
0 |
4 |
|a 914.9804
|2 23
|
| 100 |
1 |
|
|a Light, Duncan,
|d 1965-
|
| 245 |
1 |
4 |
|a The dracula dilemma
|h [electronic resource] :
|b tourism, identity and the state in Romania /
|c Duncan Light.
|
| 260 |
|
|
|a Farnham, Surrey, England :
|b Ashgate,
|c c2012.
|
| 300 |
|
|
|a x, 196 p.
|
| 490 |
1 |
|
|a New directions in tourism analysis
|
| 504 |
|
|
|a Includes bibliographical references and index.
|
| 533 |
|
|
|a Electronic reproduction. Ann Arbor, MI : ProQuest, 2015. Available via World Wide Web. Access may be limited to ProQuest affiliated libraries.
|
| 600 |
0 |
0 |
|a Vlad
|b III,
|c Prince of Wallachia,
|d 1430 or 31-1476 or 7
|x Influence.
|
| 650 |
|
0 |
|a Tourism
|x Social aspects
|z Romania.
|
| 650 |
|
0 |
|a National characteristics, Romanian.
|
| 655 |
|
4 |
|a Electronic books.
|
| 710 |
2 |
|
|a ProQuest (Firm)
|
| 830 |
|
0 |
|a New directions in tourism analysis.
|
| 856 |
4 |
0 |
|u https://ebookcentral.proquest.com/lib/matrademy/detail.action?docID=922452
|z Click to View
|